All Bosnian Premier League Players Ever - Statistics

General Stats
  • This quiz has been taken 36 times
  • The average score is 5 of 7
Answer Stats
Position Clubs Years Player % Correct
GK Portsmouth, Stoke, Chelsea, Bournemouth, Everton 2008-19, 2021-23 Asmir Begovic
100%
ATT Man City 2011-15 Edin Dzeko
100%
DEF Arsenal 2017-22 Sead Kolasinac
93%
DEF Sheff Utd 2023-24 Anel Ahmedhodzic
61%
MID Everton, Sheff Utd 2014-16, 2017-18, 2019-20 Muhamed Besic
61%
MID Norwich 2019-20 Mario Vrancic
29%
DEF Coventry 1998-2001 Muhamed Konjic
14%
No matching quizzes found
Score Distribution
Percent of People with Each Score
Percentile by Number Answered
Your Score History
You have not taken this quiz